[Event "AUS-ch"]
[Site "Melbourne"]
[Date "2014.01.09"]
[Round "9"]
[White "Loh, Zachary"]
[Black "Zulfic, Fedja"]
[Result "0-1"]
[WhiteElo "2032"]
[BlackElo "2152"]
[PlyCount "132"]
[EventDate "2014.01.02"]
[EventType "swiss"]
[EventRounds "11"]
[EventCountry "AUS"]
[SourceTitle "CBM 158 Extra"]
[Source "ChessBase"]
[SourceDate "2014.02.28"]
[SourceVersion "1"]
[SourceVersionDate "2014.02.28"]
[SourceQuality "1"]

1. c4 Nf6 2. g3 g6 3. b3 Bg7 4. Bb2 d6 5. Bg2 Nbd7 6. Nf3 c6 7. 0-0 e5 8. d3 0-0 9. Nbd2 a5 10. a3 Qb6 11. Qc2 Re8 12. Rab1 c5 13. Ng5 h6 14. Nge4 Nh5 15. Nc3 f5 16. e3 Ndf6 17. f4 Be6 18. fxe5 dxe5 19. Nd5 Qd6 20. Rbe1 Rad8 21. d4 e4 22. dxc5 Qxc5 23. Nxf6+ Nxf6 24. Bxf6 Bxf6 25. Nxe4 fxe4 26. Rxf6 Bf5 27. g4 Kg7 28. Qb2 Qe5 29. Qxe5 Rxe5 30. Rb6 Bxg4 31. Rxb7+ Kf6 32. Rf1+ Bf5 33. b4 Rd3 34. Rb5 Rxe3 35. Rxe5 Kxe5 36. b5 Rxa3 37. Rc1 Rb3 38. Ra1 Kf4 39. Bf1 e3 40. c5 Rb2 41. b6 Be4 42. Rxa5 e2 43. Bxe2 Rxe2 44. Ra4 Rb2 45. Rc4 Ke3 46. Rc1 Bc6 47. Re1+ Re2 48. Rb1 Rg2+ 49. Kf1 Rxh2 50. Rb3+ Kd4 51. b7 Bxb7 52. Rxb7 Kxc5 53. Rg7 g5 54. Kg1 Rh4 55. Rd7 Rd4 56. Rh7 Rd6 57. Kg2 Kd4 58. Kf3 Ke5 59. Kg4 Rd4+ 60. Kg3 Rh4 61. Ra7 Kf6 62. Ra6+ Kg7 63. Rb6 Rf4 64. Ra6 Rf6 65. Ra7+ Kg6 66. Rb7 Ra6 0-1

[Event "AUS-ch"]
[Site "Melbourne"]
[Date "2014.01.07"]
[Round "7"]
[White "Loh, Zachary"]
[Black "Brown, Andrew"]
[Result "0-1"]
[WhiteElo "2032"]
[BlackElo "2259"]
[PlyCount "72"]
[EventDate "2014.01.02"]
[EventType "swiss"]
[EventRounds "11"]
[EventCountry "AUS"]
[SourceTitle "CBM 158 Extra"]
[Source "ChessBase"]
[SourceDate "2014.02.28"]
[SourceVersion "1"]
[SourceVersionDate "2014.02.28"]
[SourceQuality "1"]

1. d4 Nf6 2. c4 e6 3. Nc3 c5 4. d5 d6 5. Nf3 exd5 6. cxd5 g6 7. Bf4 a6 8. e4 Bg4 9. a4 Bg7 10. Qb3 Bxf3 11. gxf3 b6 12. Bd3 Nh5 13. Be3 Nd7 14. f4 Bh6 15. Ne2 Qh4 16. Qc3 0-0 17. Qd2 b5 18. Kd1 c4 19. Bc2 Nc5 20. f5 Nxe4 21. Qe1 Bg7 22. Ng3 Bxb2 23. Nxe4 Bxa1 24. h3 Nf6 25. Ng3 Nxd5 26. Rg1 Rfe8 27. fxg6 hxg6 28. Qd2 Nxe3+ 29. fxe3 Re5 30. Qg2 Rae8 31. Nf1 Bc3 32. Bxg6 Kh8 33. Bxf7 Rf5 34. Nd2 Rxf7 35. Qg6 Qh7 36. Qg5 Rg7 0-1

[Event "AUS-ch"]
[Site "Melbourne"]
[Date "2014.01.05"]
[Round "6"]
[White "Wohl, Aleksandar H"]
[Black "Loh, Zachary"]
[Result "1-0"]
[WhiteElo "2371"]
[BlackElo "2032"]
[PlyCount "85"]
[EventDate "2014.01.02"]
[EventType "swiss"]
[EventRounds "11"]
[EventCountry "AUS"]
[SourceTitle "CBM 158 Extra"]
[Source "ChessBase"]
[SourceDate "2014.02.28"]
[SourceVersion "1"]
[SourceVersionDate "2014.02.28"]
[SourceQuality "1"]

1. e4 c6 2. c4 d5 3. cxd5 cxd5 4. exd5 Nf6 5. Nc3 Nxd5 6. Nf3 Nc6 7. Bb5 Qd6 8. 0-0 Bg4 9. h3 Bh5 10. d4 e6 11. Re1 Be7 12. Re5 Bxf3 13. Qxf3 Nxc3 14. bxc3 0-0 15. Re2 Bf6 16. Rb1 Rac8 17. Bf4 Qd7 18. Qe4 Rfd8 19. Reb2 g6 20. Ba4 b6 21. Bb5 Qb7 22. a4 Rd5 23. Be3 Na5 24. Qd3 Rcd8 25. Ba6 Qc7 26. Rb5 Rxb5 27. Bxb5 e5 28. d5 e4 29. Qxe4 Qxc3 30. Bf4 Nb3 31. Rd1 Nc5 32. Qe2 Qb4 33. Bc7 Rf8 34. Bd6 Rd8 35. Be7 Bxe7 36. Qxe7 Rf8 37. d6 Qb3 38. Re1 Ne6 39. Be8 Qb4 40. Re3 Qc5 41. h4 h5 42. Rf3 Nf4 43. g3 1-0